|
|
|
|
| LEADER |
00583nam a22001697a 4500 |
| 020 |
|
|
|a 81-7000-300-8
|
| 082 |
|
|
|a 020.72
|b SUR/C
|
| 100 |
|
|
|a Suresh C.Sinha
|
| 245 |
|
|
|a Citation analysis of research field and information technology development
|
| 250 |
|
|
|a 1st
|
| 260 |
|
|
|a New Delhi
|b Ess Ess
|c 2001
|
| 300 |
|
|
|a 279p.
|
| 650 |
|
|
|a Library and Information Science
|
| 700 |
|
|
|a Dhiman, Anil K.
|
| 942 |
|
|
|c BK
|
| 999 |
|
|
|c 31711
|d 31711
|
| 952 |
|
|
|0 0
|1 0
|4 0
|6 020_720000000000000_SURC
|7 0
|8 Stack
|9 33595
|a KUCL
|b KUCL
|c Stack
|d 2014-06-05
|g 650.00
|l 0
|o 020.72 SUR/C
|p 9546
|r 2014-06-05
|w 2014-06-05
|y BK
|